000
00292nam a2200109Ia 4500
001
588835
005
20250717120838.0
008
250717s9999 xx 000 0 und d
245
0
_a
V-15 İBN-İ SİNA VE MİNİK DÜŞMANLAR
_c
DİDEM DEMİREL
260
_b
TİMAŞ YAYINLARI
_c
2020
300
_b
47
999
_c
588835
_d
588835